Kihon Nihon keizai tōkei /
Saved in:
| Corporate Author: | |
|---|---|
| Format: | Book |
| Language: | Japanese |
| Published: |
Tōkyō :
Shiseidō,
Shōwa 34 [1959]
|
| Series: | Keizai kyōshitsu ;
5 |
| Subjects: | |
| Tags: |
Add Tag
No Tags, Be the first to tag this record!
|
| LEADER | 01207nam a2200301 i 4500 | ||
|---|---|---|---|
| 001 | 007775502-2 | ||
| 005 | 20024617122053.0 | ||
| 008 | 980427s1959 ja bs 000 0 jpn | ||
| 010 | |a 75789066 /J | ||
| 035 | 0 | |a ocm39023206 | |
| 040 | |a DLC |c *YNH* |d CStRLIN | ||
| 050 | 0 | 0 | |a HC462.9 |b .J25 1959 |
| 110 | 1 | |6 880-01 |a Japan. |b Keizai Kikakuchō. |b Tōkeika. | |
| 245 | 1 | 0 | |6 880-02 |a Kihon Nihon keizai tōkei / |c Keizai Kikakuchō [Chōsakyoku] Tōkeika hen. |
| 260 | |6 880-03 |a Tōkyō : |b Shiseidō, |c Shōwa 34 [1959] | ||
| 300 | |a 264, 16 p. : |b graphs ; |c 19 cm. | ||
| 490 | 0 | |6 880-04 |a Keizai kyōshitsu ; |v 5 | |
| 500 | |6 880-05 |a Second ed. published in 1964 under title: Nihon no keizai tōkei. | ||
| 500 | |a Chiefly tables. | ||
| 504 | |a Includes bibliographies. | ||
| 651 | 0 | |a Japan |x Economic conditions |y 1868- |v Statistics. | |
| 880 | 1 | |6 110-01 |a Japan. |b 経済企画庁. |b 調查局. |b 統計課. | |
| 880 | 1 | 0 | |6 245-02 |a 基本日本経済統計 / |c 経済企画庁[調查局]統計課編. |
| 880 | |6 260-03 |a 東京 : |b 至誠堂, |c 昭和34 [1959] | ||
| 880 | 0 | |6 490-04 |a 経済教室 ; |v 5 | |
| 880 | |6 500-05 |a Second ed. published in 1964 under title: 日本の経済統計. | ||
| 988 | |a 20021221 | ||
| 906 | |0 DLC | ||


